ბათუმის შოთა რუსთაველის სახელმწიფო უნივერსიტეტის ბიბლიოთეკა

Монтаж систем контроля и автоматики. (ბიბ.ჩანაწერი № 37281)

000 -LEADER
fixed length control field 00632nam a2200205Ia 4500
001 - CONTROL NUMBER
control field 3240
003 - CONTROL NUMBER IDENTIFIER
control field GE_BSU
008 - FIXED-LENGTH DATA ELEMENTS--GENERAL INFORMATION
fixed length control field 181216s||||||||xx |||||||||||||| ||und||
040 ## - CATALOGING SOURCE
Transcribing agency GE_BSU
080 ## - UNIVERSAL DECIMAL CLASSIFICATION NUMBER
Universal Decimal Classification number 681.51.002(075.32)
100 ## - MAIN ENTRY--PERSONAL NAME
Personal name Адабашьян,А.К. Минаев,П.А.
245 ## - TITLE STATEMENT
Title Монтаж систем контроля и автоматики.
250 ## - EDITION STATEMENT
Edition statement Изд. 2-е, перераб. и доп.
260 ## - PUBLICATION, DISTRIBUTION, ETC.
Place of publication, distribution, etc. М.
260 ## - PUBLICATION, DISTRIBUTION, ETC.
Name of publisher, distributor, etc. Стройиздат.
260 ## - PUBLICATION, DISTRIBUTION, ETC.
Date of publication, distribution, etc. 1974.
300 ## - PHYSICAL DESCRIPTION
Extent 407стр. илл. 21см.
653 ## - INDEX TERM--UNCONTROLLED
Uncontrolled term Монтаж систем контроля и автоматики.
942 ## - ADDED ENTRY ELEMENTS (KOHA)
Koha item type წიგნი
ეგზემპლარები
Withdrawn status Lost status Damaged status Not for loan Date acquired Barcode Date last seen Price effective from Koha item type Public note
        2018-12-17 9872 2018-12-17 2018-12-17 წიგნი დარბაზი